|
|
|
|
| LEADER |
00000nab a2200000 a 4500 |
| 001 |
vtls000001733 |
| 003 |
SK-MaSNL |
| 005 |
20260304215516.0 |
| 008 |
111103c1978 xo 0 slo |
| 015 |
|
|
|a SNBRB19rr/mm-uuuuu
|
| 035 |
|
|
|a CL0011825
|
| 040 |
|
|
|a SNKBUCL
|b slo
|c SNKBUCL
|e AACR2
|
| 041 |
0 |
|
|a slo
|
| 044 |
|
|
|a xo
|c SK
|
| 080 |
|
|
|a 792
|2 1981
|
| 080 |
|
|
|a 793
|2 1981
|
| 080 |
|
|
|a 92 Cigánová, Zuzana
|2 1981
|
| 080 |
|
|
|a 92 Cigánová, Katarína
|2 1981
|
| 100 |
1 |
|
|a Košťálová, Marcela,
|d 1950-
|4 aut
|9 209538
|
| 245 |
1 |
0 |
|a Splnený sen
|c Marcela Košťálová
|
| 300 |
|
|
|b Obr. 5.
|
| 600 |
1 |
7 |
|a Cigánová, Zuzana,
|d 1947-
|2 snkbucl
|9 105112
|
| 600 |
1 |
7 |
|a Cigánová, Katarína,
|d 1922-2006
|2 snkbucl
|9 223804
|
| 655 |
|
7 |
|a články z novín a časopisov
|2 snkbucl
|9 267496
|
| 773 |
0 |
|
|t Slovensko
|g Roč. 2, č. 5 (1978), s. 16-17
|
| 850 |
|
|
|a Slovenská národná knižnica v Martine
|a MTA001
|
| 852 |
|
|
|a SNK
|b KIS3GCP
|
| 958 |
|
|
|a RK
|
| 992 |
|
|
|a RBX
|
| 999 |
|
|
|c 3146613
|d 3148543
|